| 000 | 00713nam a22002177a 4500 | ||
|---|---|---|---|
| 999 |
_c2732 _d2732 |
||
| 001 | 2732 | ||
| 003 | BD-JhCC | ||
| 005 | 20171106163552.0 | ||
| 008 | 171106s1967 bg |||| |||| 000 0 ben d | ||
| 035 | _a(BD-JhCC)2732 | ||
| 040 |
_aBD-JhCC _dBD-JhCC |
||
| 041 | _aben | ||
| 082 |
_a491.445 _bDEB 1967 |
||
| 100 | _aদেবনাথ, শ্রীরামপ্রসাদ | ||
| 245 |
_aব্যাকরণ শিখি / _cশ্রীরামপ্রসাদ দেবনাথ |
||
| 260 |
_aঢাকা : _bমডেল পাবলিশিং হাউস, _c১৯৬৭, |
||
| 300 |
_a১৩৪ পৃ. : _c১৮ সেমি. |
||
| 650 | _aBengali Grammar | ||
| 942 |
_2ddc _cBK |
||